000 00670nam a2200277Ia 4500
005 20260324130312.0
008 008 260324s9999 xx 000 0 eng d
020 _a9780203934432
037 _aEBOOK
040 _aCRL
040 _beng
040 _cCRL
041 _2eng
041 _aeng
084 _qCRL
100 _aPeter Hinchcliffe; Beverley Milton-Edwards
_91181256
245 0 _aConflicts in the Middle East since 1945
260 _bTaylor and Francis
260 _c2007
365 _a
365 _b230
856 _uhttp://www.taylorfrancis.com/books/9780203934432
942 _cEBOOK
999 _c1777315
_d1777315